| 000 | 00927cam a2200205 4500 | ||
|---|---|---|---|
| 001 | WB3731-18 | ||
| 008 | 010814n2001 000 0 eng u | ||
| 035 | _a(Sirsi) u114090 | ||
| 245 | _aAsbestos red tape | ||
| 260 | _c2001 | ||
| 490 |
_aEvening Standard _v3 August 2001, 34(1) |
||
| 520 | _aFrustrated with Health & Safety Executive (HSE) red tape on asbestos, the property industry has set up AsbestosRegister.com to exchange information on buildings that contain asbestos. Supporters of AsbestosRegister.com believe HSE red tape is so vague that local authorities and large companies are able to side step responsibility for risk assessment of their properties. | ||
| 590 | _aWB | ||
| 650 | _aMANAGEMENT-HEALTH AND SAFETY-HAZARDOUS SUBSTANCES-ASBESTOS | ||
| 650 | _aHEALTH AND SAFETY EXECUTIVE | ||
| 650 | _aASBESTOS REGISTER | ||
| 650 | _aPROPERTY INDUSTRY | ||
| 690 |
_aHEALTH AND SAFETY _96244 |
||
| 942 | _n0 | ||
| 999 |
_c67997 _d67997 |
||